Statistics for Which State Between These Two?

Click here to take the quiz!

General Stats

  • This quiz has been taken 19 times
  • The average score is 8 of 15

Answer Stats

QuestionAnswer% Correct
Which state has a higher percentage of African Americans?Mississippi
88%
Which state has more immigrants as a percent of that state's population?New York
88%
Which state has the larger population?Hawaii
69%
Which state has more Mexican immigrants as a percent of that state's population?Nebraska
63%
Which state has the lower income inequality? (Gini coefficient)Utah
63%
Which state has the higher average precipitation?Louisiana
56%
Which state has more coastline?Maine
56%
Which state has the more northern northernmost point?Minnesota
56%
Which state has the colder average temperature?New Hampshire
56%
Which state has the higher life expectancy?Florida
50%
Which state has the lower murder rate?Texas
50%
Which state has a Republican governor as of 2021?Massachusetts
38%
Which state has the higher record high temperature?North Dakota
38%
Which state has a higher GDP per capita?North Dakota
31%
Which state allows open carry of handguns without a license?Vermont
19%

Score Distribution

Percentile by Number Answered

Percent of People with Each Score

Your Score History

You have not taken this quiz